00325nam a2200121Ia 4500008004100000082001900041100001800060245004200078250000800120260005100128300000800179650001600187191201s2005 xx 000 0 und d a621.38043bHSS aH S U, Hwei P 0aSchaum's Outlines Signals and Systems a4th aN.DelhibTata Mc Graw Hill Pubg. Co. Ltdc2005 a466 aB.Tech(ECE)